100+ Winning Answers to the Toughest Interview Questions / (Record no. 13662)
[ view plain ]
| 000 -LEADER | |
|---|---|
| fixed length control field | 01400cam a22003134a 4500 |
| 001 - CONTROL NUMBER | |
| control field | 12187179 |
| 005 - DATE AND TIME OF LATEST TRANSACTION | |
| control field | 20070613114457.0 |
| 008 - FIXED-LENGTH DATA ELEMENTS--GENERAL INFORMATION | |
| fixed length control field | 000927s2001 nyua 001 0 eng |
| 010 ## - LIBRARY OF CONGRESS CONTROL NUMBER | |
| LC control number | 00049437 |
| 020 ## - INTERNATIONAL STANDARD BOOK NUMBER | |
| International Standard Book Number | 0764116444 |
| 040 ## - CATALOGING SOURCE | |
| Original cataloging agency | DLC |
| Transcribing agency | DLC |
| Modifying agency | DLC |
| 042 ## - AUTHENTICATION CODE | |
| Authentication code | pcc |
| 050 00 - LIBRARY OF CONGRESS CALL NUMBER | |
| Classification number | HF5549.5.I6 |
| Item number | H38 2001 |
| 082 00 - DEWEY DECIMAL CLASSIFICATION NUMBER | |
| Classification number | 650.14 |
| Edition number | 21 |
| Item number | HAW |
| 100 1# - MAIN ENTRY--PERSONAL NAME | |
| Personal name | Hawley, Casey Fitts. |
| 9 (RLIN) | 12610 |
| 245 10 - TITLE STATEMENT | |
| Title | 100+ Winning Answers to the Toughest Interview Questions / |
| Statement of responsibility, etc | Casey Hawley ; illustrations by Deborah Zemke. |
| 246 3# - VARYING FORM OF TITLE | |
| Title proper/short title | One hundred plus winning answers to the toughest interview questions |
| 260 ## - PUBLICATION, DISTRIBUTION, ETC. (IMPRINT) | |
| Place of publication, distribution, etc | Hauppauge, NY : |
| Name of publisher, distributor, etc | Barron's Educational Series, |
| Date of publication, distribution, etc | c2001. |
| 300 ## - PHYSICAL DESCRIPTION | |
| Extent | viii, 216 p. : |
| Other physical details | ill. ; |
| Dimensions | 20 cm. |
| 490 ## - Series Statement | |
| Series statement | Barron's Educational Series |
| International Standard Serial Number | 0764116444 |
| 500 ## - GENERAL NOTE | |
| General note | Includes index. |
| 500 ## - GENERAL NOTE | |
| General note | "A Business Success Guide"--- Cover. |
| 650 #0 - SUBJECT ADDED ENTRY--TOPICAL TERM | |
| Topical term or geographic name as entry element | Employment interviewing. |
| 9 (RLIN) | 12611 |
| 700 1# - ADDED ENTRY--PERSONAL NAME | |
| Personal name | Zemke, Deborah. |
| 9 (RLIN) | 12612 |
| 856 42 - ELECTRONIC LOCATION AND ACCESS | |
| Materials specified | Publisher description |
| Uniform Resource Identifier | <a href="http://www.loc.gov/catdir/enhancements/fy0630/00049437-d.html">http://www.loc.gov/catdir/enhancements/fy0630/00049437-d.html</a> |
| 942 ## - ADDED ENTRY ELEMENTS (KOHA) | |
| Source of classification or shelving scheme | Dewey Decimal Classification |
| Item type | Book - Borrowing |
| Withdrawn status | Item status | Source of classification or shelving scheme | Damaged status | Not for loan | Vendor | Home library | Current library | Shelving location | Date acquired | Source of acquisition | Cost, normal purchase price | Serial Enumeration / chronology | Total Checkouts | Total Renewals | Full call number | Barcode | Date last seen | Date last borrowed | Koha item type |
|---|---|---|---|---|---|---|---|---|---|---|---|---|---|---|---|---|---|---|---|
| Dewey Decimal Classification | ILB | Central Library | Central Library | First floor | 14/03/2010 | 63.50 | 0314 | 3 | 8 | 650.14 HAW | 000019733 | 15/07/2025 | 06/03/2017 | Book - Borrowing |